01412nam a22003731a 45000010009000000050017000090080041000260100015000670200015000820200015000970350020001120350023001320400046001550500041002010820018002421000023002602450093002832600059003763000024004355040051004596500026005107000019005367000019005558560041005748560027006158560026006429060045006689250044007139550029007579550054007869420006008409990017008469520175008631472885520160621020003.0070208s2007 enk b 001 0 eng  a2007005702 a0521694280 a0521694280 a(OCoLC)83609780 a(OCoLC)ocm83609780 aDLCcDLCdBAKERdBTCTAdBWKUKdYDXCPdDLC00aHD 30.4.T416 2007bHD 30.4.T416 200700a658.400722221 aTharenou, Phyllis.10aManagement research methods /cPhyllis Tharenou, Ross Donohue, and Brian Cooper.h[Text] aCambridgeaCambridgebCambridge University Pressc2007 ax, 338 p. ;c24 cm. aIncludes bibliographical references and index. 0aManagementxResearch.1 aCooper, Brian.1 aDonohue, Ross.423Contributor biographical information413Table of contents only423Publisher description a7bcbccorignewd1eecipf20gy-gencatlg0 aacquireb1 shelf copiesxpolicy default ese30 2007-02-08 to Dewey fld09 2007-09-19 Z-CipVergld09 2007-09-19 to BCCD0003 c32436d32436 00102lcc40708GENaCPLbCPLcGENd2009-10-12ePurchase- Promove Mediag28.32l19m7oHD 30.4.T416 2007pR25520M3232r2024-02-12 08:44:04s2024-01-20t1w2009-10-12yBK